Quizzes
Events
Quiz Creation
Community
Videos
Private Events
Remove Ads
Sign In
Join for FREE
Feedback
Dark Mode
Quiz Categories
Sports
Geography
Music
Movies
Television
Just For Fun
Miscellaneous
History
Literature
Language
Science
Gaming
Entertainment
Religion
Holiday
For Kids
Quiz Lab
Recent
Popular Today
Quiz Kudos Today
Editor Picks
Curator Picks
Quizzes by...
Day
Popularity
Type
Ratings
Length
Year
Community
Subscriptions
Recent Discussions
Orange Saloon
Badges
Playlists
Quests
Create
Leaderboards
Showdown
Live 5
Trivia Bingo
Activity
Puzzle Library
Sporcle Events
Private Events
Virtual Trivia
Globe League
Become a Host
Pub Owners
SporcleCon
Opinionation
Our Games
Videos
Blog
Mobile Apps
Partnerships
Remove Ads and Go Orange
Feedback
Entertainment
Celebrity
Famous
Musical
Broadway
Show
Quote
Comic Books
Anime
Superhero
DC Comics
Marvel
Cartoons
Animation
Entertainment
Celebrity
Famous
Musical
Broadway
Show
Quote
Comic Books
Anime
Superhero
DC Comics
Marvel
Cartoons
Animation
Random Quiz
Search Sporcle
×
Quiz Lab
Quiz Lab
Entertainment
Drink
Type in answers that appear in a list
Type in answers that appear in a list
Classic
Best Score? Go Orange.
Drinking Games Stats
Can you name the Drinking Games?
By
lever7d
5m
19 Questions
884 Plays
884 Plays
884 Plays
Comments
Comments
Give Quiz Kudos
Give Quiz Kudos
-
- Ratings
hide this ad
Random Order
Randomize order of answers
Randomize order of answers
Replay
Link that replays current quiz
Next Quiz
Link to next quiz in quiz playlist
You Got
0%
They Got
Avg Score
22%
Avg Friend Score
Upgrade to see
Score Distribution
Jump to the score distribution portion of the page
Score
0/19
Timer
05:00
0
Plays Today
Type
Game
% Correct
Ball
Beer Pong
94.9%
Card
Kings
76.4%
Action
Flip Cup
59.7%
Action
Quarters
43.4%
Card
**** the Dealer
30.5%
Ball
Beirut
18.6%
Action
Baseball
16.9%
Ball
Civil War
14.8%
Action
Thumper
12.7%
Card
Ride the Bus
11.7%
Type
Game
% Correct
Action
Never Have I Ever
10.3%
Action
Funnel
9.3%
Card
Up the River Down the River
7.6%
Action
Shotgun
6.6%
Action
Power Hour
5.5%
Card
**** You Pyramid
3.2%
Action
Edward 40 Hands
2.8%
Ball
Drunk Ball
1.2%
Action
Luge
0.2%
Quiz Playlist
Details
Report
Send in Message
Add To Playlist
Classic:
Type in answers that appear in a list
Random Order:
Randomize order of answers
Last Updated: Nov 21, 2022
Quiz Scoreboard
CHALLENGE
Sign Up to Join the Scoreboard
Show All
Scores
Hide
Comments
May contain spoilers
Recently Published
TV Characters by Other Roles V
by ghcgh
Television
5m
Decade Duel: World Leaders
by jenniferyan
History
4m
Alphabetical 'K' Countries by Flag Minefield
by ylime102
Geography
3m
More to Explore
Quiz From the Vault
Featured Blog Post
15 Basketball Trivia Facts You Can Be March Mad About
hide this ad
You Might Also Like...
Tags
Drink
Today's Top Quizzes in Entertainment
Browse Entertainment
hide this ad
Today's Top Quizzes in Drink
Browse Drink
Top Contributed Quizzes in Entertainment
1
B Names for Actresses
2
Decade Duel: Actor
3
C Names for Actors
4
C Names for Actresses
5
Decade Duel: Actress
6
D Names for Actors
7
D Names for Actresses
8
Eurovision 2023 Logic Puzzle
9
The Joker Actors by Order
10
B Names for Actors
Explore More
Trending Topics
Anime
Disney
Marvel
Harry Potter
Kpop
NBA
Crossword
Soccer
Pokémon
WWE
Song
Country
NFL
The Office
Puzzle
hide this ad
More By:
lever7d
Quiz
Plays
Rating
Category
Featured
Created
Drinking Games
884
2.00
Entertainment
Oct 29, 2009
Go to Creator's Profile
Score Distribution
Quiz Creator Spotlight
lever7d
Follow
Send a Message
Quizzes Created
-
Created Quiz Play Count
-
More By This Creator
Popular Quizzes Today
1
Countries of Asia Without Outlines Minefield
2
Find the US States - No Outlines Minefield
3
Pick 6: Fruits
4
The Countries of the World
5
Find the Countries of Europe - No Outlines Minefield
6
Alphabetical 'K' Countries by Flag Minefield
7
US States
8
Find the US States
More Entertainment Quizzes
Celebrities Merged with Themselves
Editor's Pick
Trending Quizzes
Pick 6: Mountains
Pick 6: Harry Potter
Pick 6: Flags
Pick 6: NFL Teams
C Names for Actors
Recently Updated
Adaptations: Name the Title
pecheneg
NWSL Teams
pecheneg
Women's Final Four Teams by Year
bhenderson79
Presidents Quartet II
eogle
Anything But Clue(do)
eogle
Anything But Oceanian Capitals
eogle
Anything But 7
eogle
Anything But Thing
eogle
Word Ladder: February 29
pecheneg
Song Title Questions
pecheneg
Trending Topics
Anime
Marvel
Harry Potter
Kpop
NBA
Disney
Crossword
Soccer
The Office
Song
NFL
Pokémon
Country
WWE
Puzzle
Your Account Isn't Verified!
In order to create a playlist on Sporcle, you need to verify the email address you used during registration. Go to your
Sporcle Settings
to finish the process.
Report this User
Report this user for behavior that violates our
Community Guidelines
.
Details:
Send Report
Go to the Sporcle.com Mobile Site →
Comments